ბათუმი. წარსული და თანამედროვეობა : (ბიბ.ჩანაწერი № 40831)
[ მარტივი ფორმატი ]
| 000 -ლიდერი | |
|---|---|
| ფიქსირებული სიგრძის საკონტროლო ველი | 00959nam a2200205Ia 4500 |
| 001 - საკონტროლო ნომერი | |
| საკონტროლო ველი | 7471 |
| 003 - საკონტროლო ნომრის იდენტიფიკატორი | |
| საკონტროლო ველი | GE_BSU |
| 005 - ბოლო ოპერაციის თარიღი და დრო | |
| საკონტროლო ველი | 20191227112019.0 |
| 008 - ფიქსირებული სიგრძის მონაცემთა ელემენტები - ზოგადი ინფორმაცია | |
| ფიქსირებული სიგრძის საკონტროლო ველი | 181216s||||||||xx |||||||||||||| ||und|| |
| 020 ## - წიგნის საერთაშორისო სტანდარტული ნომერი | |
| International Standard Book Number | 19878745 |
| 040 ## - კატალოგიზაციის წყარო | |
| Transcribing agency | GE_BSU |
| 080 ## - უნივერსალური ათობითი კლასიფიკაციის ინდექსი | |
| Universal Decimal Classification number | 94(479.223)(063) ბ-17 |
| 245 ## - ცნობა სათაურის შესახებ | |
| Title | ბათუმი. წარსული და თანამედროვეობა : |
| Remainder of title | ტ. 3 / |
| 264 ## - წარმოების, გამოცემის, დისტრიბუციის და სხვა ცნობები | |
| გამოცემის, წარმოების, დისტრიბუციის... ადგილი | ბათუმი : |
| გამოცემის, წარმოების, დისტრიბუციის... სახელწოდება | შოთა რუსთაველის სახ. უნ-ტი, |
| გამოცემის, წარმოების, დისტრიბუციის... თარიღი | 2013. |
| 300 ## - ფიზიკური აღწერა | |
| Extent | 408 გვ.; |
| Other physical details | 26 სმ. |
| 653 ## - INDEX TERM--UNCONTROLLED | |
| Uncontrolled term | ბათუმი |
| 653 ## - INDEX TERM--UNCONTROLLED | |
| Uncontrolled term | კონფერენციის მასალები |
| 710 ## - ADDED ENTRY--CORPORATE NAME | |
| Corporate name or jurisdiction name as entry element | ბათუმის შოთა რუსთაველის სახ.უნ-ტი |
| Subordinate unit | ნიკო ბერძენიშვილის ინ-ტი;ისტორიისა და არქეოლოგიის განყოფილება |
| 9 (RLIN) | 5981 |
| 942 ## - ADDED ENTRY ELEMENTS (KOHA) | |
| Koha item type | წიგნი |
| Source of classification or shelving scheme | |
| ჩამოწერის სტატუსი | დაკარგული ეგზემპლარის სტატუსი | კლასიფიკაციის წყარო ან თაროზე გაწყობის სქემა | დაზიანების სტატუსი | არ გაიცემა | მუდმივი მდებარეობა (დაცვის ადგილი) | ამჟამინდელი ადგილსამყოფელი | თაროზე განთავსების ადგილი | შეძენის თარიღი | ღირებულება, შესყიდვის ნორმალური ფასი | სრული შენახვის შიფრი | შტრიხკოდი | ბოლო ოპერაციის თარიღი | ეგზემპლარის მიმდევრობითი ნომერი (კეტერი?) | ფასის ძალაში შესვლის თარიღი | ეგზემპლარის სახეობა | საჯარო შენიშვნა |
|---|---|---|---|---|---|---|---|---|---|---|---|---|---|---|---|---|
| ბათუმის შოთა რუსთაველის სახელმწიფო უნივერსიტეტის მთავარი ბიბლიოთეკა | ბათუმის შოთა რუსთაველის სახელმწიფო უნივერსიტეტის მთავარი ბიბლიოთეკა | წიგნსაცავი | 2018-12-17 | 15.00 | 94(479.223)(063) ბ-17 | 7203 | 2018-12-17 | 7203 | 2018-12-17 | წიგნი | 15 ლ. | |||||
| ბათუმის შოთა რუსთაველის სახელმწიფო უნივერსიტეტის მთავარი ბიბლიოთეკა | ბათუმის შოთა რუსთაველის სახელმწიფო უნივერსიტეტის მთავარი ბიბლიოთეკა | წიგნსაცავი | 2018-12-17 | 15.00 | 94(479.223)(063) ბ-17 | 7204 | 2018-12-17 | 7204 | 2018-12-17 | წიგნი | 15 ლ. | |||||
| ბათუმის შოთა რუსთაველის სახელმწიფო უნივერსიტეტის მთავარი ბიბლიოთეკა | ბათუმის შოთა რუსთაველის სახელმწიფო უნივერსიტეტის მთავარი ბიბლიოთეკა | წიგნსაცავი | 2018-12-17 | 15.00 | 94(479.223)(063) ბ-17 | 7205 | 2018-12-17 | 7205 | 2018-12-17 | წიგნი | 15 ლ. | |||||
| ბათუმის შოთა რუსთაველის სახელმწიფო უნივერსიტეტის მთავარი ბიბლიოთეკა | ბათუმის შოთა რუსთაველის სახელმწიფო უნივერსიტეტის მთავარი ბიბლიოთეკა | წიგნსაცავი | 2018-12-17 | 15.00 | 94(479.223)(063) ბ-17 | 7206 | 2018-12-17 | 7206 | 2018-12-17 | წიგნი | 15 ლ. | |||||
| ბათუმის შოთა რუსთაველის სახელმწიფო უნივერსიტეტის მთავარი ბიბლიოთეკა | ბათუმის შოთა რუსთაველის სახელმწიფო უნივერსიტეტის მთავარი ბიბლიოთეკა | წიგნსაცავი | 2018-12-17 | 15.00 | 94(479.223)(063) ბ-17 | 7207 | 2018-12-17 | 7207 | 2018-12-17 | წიგნი | 15 ლ. |
